[Event "IRI-ch U12 Girls"]
[Site "Chess.com INT"]
[Date "2021.01.16"]
[Round "9"]
[White "Rostami, Setayesh"]
[Black "Zamani, Artemis"]
[Result "0-1"]
[WhiteElo "1201"]
[BlackElo "1005"]
[PlyCount "110"]
[EventDate "2021.01.16"]
[EventType "swiss"]
[EventRounds "9"]
[EventCountry "IRI"]
[SourceTitle "EXT 2022"]
[Source "ChessBase"]
[SourceDate "2021.10.06"]
[SourceVersion "1"]
[SourceVersionDate "2021.10.06"]
[SourceQuality "1"]

1. e4 e5 2. Nf3 Nc6 3. Bc4 Bc5 4. d3 Nf6 5. Bg5 d6 6. Nc3 Be6 7. Bb3 Qd7 8. Na4 0-0-0 9. Nxc5 dxc5 10. Ba4 Qd6 11. Bxc6 Qxc6 12. Nxe5 Qb5 13. Qc1 c4 14. Nxc4 Bxc4 15. dxc4 Qxc4 16. e5 Rde8 17. Bxf6 gxf6 18. f4 fxe5 19. Kf2 exf4 20. Re1 Qd4+ 21. Kf1 Rhg8 22. Rxe8+ Rxe8 23. Qd1 Qc4+ 24. Kg1 Qe4 25. Qg4+ Kb8 26. Qf3 Qxc2 27. Qxf4 Qxb2 28. Rf1 Qxa2 29. Qxf7 Qxf7 30. Rxf7 Rh8 31. g4 Kc8 32. h4 b6 33. g5 Kb7 34. h5 a5 35. g6 hxg6 36. hxg6 Rg8 37. g7 a4 38. Kf2 a3 39. Rf3 Rxg7 40. Rxa3 c5 41. Rb3 Kc6 42. Ke2 b5 43. Kd2 c4 44. Rb1 Kc5 45. Kc3 Rg3+ 46. Kd2 b4 47. Ke2 c3 48. Kd1 Kc4 49. Kc2 Rg2+ 50. Kc1 b3 51. Rb2 cxb2+ 52. Kb1 Rg1+ 53. Kxb2 Rg2+ 54. Ka1 Kc3 55. Kb1 Rg1# 0-1

[Event "IRI-ch U12 Girls"]
[Site "Chess.com INT"]
[Date "2021.01.16"]
[Round "6"]
[White "Zamani, Artemis"]
[Black "Rostami, Samiyeh"]
[Result "1-0"]
[WhiteElo "1005"]
[BlackElo "1004"]
[PlyCount "101"]
[EventDate "2021.01.16"]
[EventType "swiss"]
[EventRounds "9"]
[EventCountry "IRI"]
[SourceTitle "EXT 2022"]
[Source "ChessBase"]
[SourceDate "2021.10.06"]
[SourceVersion "1"]
[SourceVersionDate "2021.10.06"]
[SourceQuality "1"]

1. e4 e5 2. Nf3 Nf6 3. Nxe5 d6 4. Nf3 Nxe4 5. d4 d5 6. Bd3 Bd6 7. 0-0 0-0 8. Re1 Bf5 9. Nc3 Nxc3 10. bxc3 Bxd3 11. Qxd3 Nc6 12. c4 dxc4 13. Qxc4 Re8 14. Bg5 Be7 15. Bxe7 Rxe7 16. d5 Rxe1+ 17. Rxe1 Na5 18. Qc5 b6 19. Qb5 h6 20. c4 Qd6 21. Re8+ Rxe8 22. Qxe8+ Qf8 23. Qd7 Qa3 24. Qe8+ Qf8 25. Qd7 Qb4 26. Qe8+ Kh7 27. h3 Nxc4 28. Qxf7 Qb1+ 29. Kh2 Qxa2 30. Qxc7 Na5 31. Qxa7 Qxf2 32. d6 Nc6 33. Qc7 Nd4 34. Nxd4 Qxd4 35. d7 b5 36. d8Q Qxd8 37. Qxd8 b4 38. Qb6 b3 39. Qxb3 Kg6 40. g4 h5 41. Qe6+ Kg5 42. gxh5 Kxh5 43. Qf5+ Kh6 44. Qf4+ Kh7 45. Kg3 Kh8 46. Kg4 g6 47. Kg5 Kg7 48. Qf6+ Kg8 49. Qe7 Kh8 50. Kxg6 Kg8 51. Qg7# 1-0